[Event "Frankfurter Stadtmeisterschaft 2026 A"]
[Site "Frankfurt am Main"]
[Date "2026.04.27"]
[Round "1.1"]
[White "Hofmann, Werner"]
[Black "Poetsch, Hagen"]
[Result "0-1"]
[WhiteElo "1765"]
[BlackElo "2478"]
[PlyCount "34"]
[GameId "2304196663980042"]
[EventDate "2026.04.27"]
[WhiteTeam "SV 1920 Kelsterbach"]
[BlackTeam "SC Heusenstamm"]

1. d4 c5 2. c3 Nf6 3. Nf3 Qa5 4. e3 d5 5. Bd3 Nc6 6. Nbd2 cxd4 7. exd4 g6 8. Qc2 Bg7 9. O-O O-O 10. Re1 Bd7 11. Nf1 Rac8 12. Qd1 Bg4 13. h3 Bxf3 14. Qxf3 Nxd4 15. Qd1 Nc6 16. Bg5 d4 17. cxd4 Qxg5 0-1

[Event "Frankfurter Stadtmeisterschaft 2026 A"]
[Site "Frankfurt am Main"]
[Date "2026.04.27"]
[Round "1.2"]
[White "Karsay, Pascal"]
[Black "Rauscher, Joachim"]
[Result "1-0"]
[WhiteElo "2412"]
[BlackElo "1761"]
[PlyCount "67"]
[GameId "2304196664360971"]
[EventDate "2026.04.27"]
[WhiteTeam "SV Worms 1878"]
[BlackTeam "SC Brett vorm Kopp Ffm"]

1. Nf3 d5 2. e3 Nf6 3. c4 e6 4. Nc3 Be7 5. b3 O-O 6. Bb2 b6 7. cxd5 exd5 8. g3 Bb7 9. Bg2 c5 10. O-O Nbd7 11. d4 Rc8 12. Rc1 Re8 13. Re1 Nf8 14. Ne5 Ne6 15. dxc5 bxc5 16. Re2 Ba8 17. Rd2 Qc7 18. Nxd5 Nxd5 19. Bxd5 Bxd5 20. Rxd5 Red8 21. Nc4 Ng5 22. h4 Rxd5 23. Qxd5 Rd8 24. Qg2 Ne6 25. Qf3 Bf8 26. Bc3 Rd3 27. Kg2 Nd4 28. Qe4 Qc6 29. Qxc6 Nxc6 30. Kf3 Rd8 31. Ke2 g6 32. Ne5 Nxe5 33. Bxe5 Rc8 34. Rc4 1-0

[Event "Frankfurter Stadtmeisterschaft 2026 A"]
[Site "Frankfurt am Main"]
[Date "2026.04.27"]
[Round "1.3"]
[White "Brauch, Manfred"]
[Black "Neukirchner, Pascal"]
[Result "0-1"]
[WhiteElo "1799"]
[BlackElo "2318"]
[PlyCount "84"]
[GameId "2304196664373260"]
[EventDate "2026.04.27"]
[WhiteTeam "Wiesbadener SV 1885"]
[BlackTeam "Heilbronner SV"]

1. f4 d5 2. Nf3 g6 3. e3 Bg7 4. c3 Nf6 5. Bb5+ c6 6. Be2 O-O 7. O-O b6 8. Na3 Qc7 9. Nc2 Nbd7 10. d4 Ne4 11. Nb4 a5 12. Nd3 Ba6 13. Nfe5 Ndf6 14. Qc2 Nd6 15. b3 Nfe4 16. Bb2 f6 17. Ng4 a4 18. Nb4 Bxe2 19. Qxe2 a3 20. Bc1 Nxc3 21. Qd3 Ncb5 22. Bd2 Qd7 23. Nf2 e5 24. fxe5 fxe5 25. Rac1 Rac8 26. dxe5 Bxe5 27. Nxd5 Rce8 28. Nxb6 Qc7 29. Nd5 Qd8 30. Rxc6 Na7 31. Rc7 Nac8 32. Bc3 Nb6 33. Bxe5 Rxe5 34. Rc5 Nb7 35. Rc6 Nxd5 36. Rxg6+ Kh8 37. Qd4 Qe7 38. Rh6 Qg7 39. Ra6 Nxe3 40. g3 Nxf1 41. Ra7 Nxg3 42. hxg3 Re1+ 0-1

[Event "Frankfurter Stadtmeisterschaft 2026 A"]
[Site "Frankfurt am Main"]
[Date "2026.04.27"]
[Round "1.4"]
[White "Nehmert, Ulrich"]
[Black "Roth, Daniel"]
[Result "1-0"]
[WhiteElo "2256"]
[BlackElo "1804"]
[PlyCount "47"]
[GameId "2304196664377357"]
[EventDate "2026.04.27"]
[WhiteTeam "Wiesbadener SV 1885"]
[BlackTeam "SC Matt im Park Ffm"]

1. d4 d5 2. c4 e6 3. Nc3 Nf6 4. cxd5 exd5 5. Bg5 Be7 6. e3 Bf5 7. Qb3 Nbd7 8. Nge2 O-O 9. Ng3 Bg6 10. h4 h5 11. Be2 c6 12. Qxb7 Rb8 13. Qxc6 Rxb2 14. O-O Qa5 15. Rfe1 Rfb8 16. Bf3 Ba3 17. Nxd5 Nxd5 18. Bxd5 R2b5 19. Bc4 R5b7 20. Qxg6 Nb6 21. Bb3 Nd5 22. Qf5 Bc1 23. Rexc1 Nb6 24. Qxa5 1-0

[Event "Frankfurter Stadtmeisterschaft 2026 A"]
[Site "Frankfurt am Main"]
[Date "2026.04.27"]
[Round "1.5"]
[White "Gärtner, Peter"]
[Black "Leimeister, Erhard"]
[Result "0-1"]
[WhiteElo "1742"]
[BlackElo "2209"]
[PlyCount "36"]
[GameId "2304196664377358"]
[EventDate "2026.04.27"]
[WhiteTeam "Sfr.Mainz 1928"]
[BlackTeam "SV 1934 Ffm-Griesheim"]

1. d4 Nf6 2. Nf3 g6 3. e3 Bg7 4. Nbd2 O-O 5. Bd3 c5 6. b3 cxd4 7. exd4 d5 8. Bb2 Nc6 9. a3 Nh5 10. c3 Nf4 11. Bf1 e5 12. g3 exd4 13. cxd4 Re8+ 14. Ne5 Nxe5 15. dxe5 Bxe5 16. Bb5 Bxb2+ 17. Bxe8 Qxe8+ 18. Kf1 Bh3+ 0-1

[Event "Frankfurter Stadtmeisterschaft 2026 A"]
[Site "Frankfurt am Main"]
[Date "2026.04.27"]
[Round "1.6"]
[White "Steigleder, Maximilian"]
[Black "Dohmes, Swidbert"]
[Result "1-0"]
[WhiteElo "2087"]
[BlackElo "1808"]
[PlyCount "27"]
[GameId "2304196664377359"]
[EventDate "2026.04.27"]
[WhiteTeam "Sfr.1932 Kelkheim"]
[BlackTeam "SV 1920 Hofheim"]

1. e4 e5 2. Nc3 Nf6 3. f4 d5 4. fxe5 Nxe4 5. Qf3 Nxc3 6. bxc3 Be7 7. d4 O-O 8. Bd3 Be6 9. Ne2 Nd7 10. Nf4 c6 11. Nxe6 fxe6 12. Qh3 Bh4+ 13. g3 Bg5 14. Qxh7+ 1-0

[Event "Frankfurter Stadtmeisterschaft 2026 A"]
[Site "Frankfurt am Main"]
[Date "2026.04.27"]
[Round "1.7"]
[White "Schäfers, Serge"]
[Black "Karpasyuk, Yevgen"]
[Result "0-1"]
[WhiteElo "1846"]
[BlackElo "2100"]
[PlyCount "102"]
[GameId "2304196664377360"]
[EventDate "2026.04.27"]
[WhiteTeam "TSV Bindlach Aktionär"]
[BlackTeam "SAbt TuS Makkabi Ffm"]

1. b4 e5 2. b5 Nf6 3. Bb2 d6 4. c4 g6 5. e3 Bg7 6. Nf3 O-O 7. Be2 Nbd7 8. O-O Re8 9. d3 c6 10. a4 a5 11. Nbd2 Qc7 12. Rc1 c5 13. h3 Nf8 14. Nh2 Qe7 15. Ng4 Nxg4 16. Bxg4 f5 17. Bf3 Ne6 18. Bd5 Kh8 19. g3 Ra7 20. Bg2 b6 21. Re1 Qd8 22. Kh2 Rae7 23. Bc6 Rf8 24. Qf3 Nc7 25. Qg2 Be6 26. Rcd1 Ne8 27. f4 Qc7 28. Bf3 Kg8 29. Ba1 Nf6 30. Nb1 e4 31. Be2 Ng4+ 32. hxg4 Bxa1 33. dxe4 fxg4 34. Nd2 Bc3 35. Rh1 Bc8 36. Kg1 Bb7 37. Bd3 Rfe8 38. Nf1 Qd7 39. Qc2 Bg7 40. Nd2 Qe6 41. Rh2 h5 42. Re1 Bf6 43. e5 dxe5 44. Bxg6 Rd8 45. Rxh5 exf4 46. gxf4 g3 47. Bh7+ Kf8 48. Bf5 Qg8 49. Bh7 Qg4 50. Rf5 Qh4 51. Nf1 Qh1# 0-1

[Event "Frankfurter Stadtmeisterschaft 2026 A"]
[Site "Frankfurt am Main"]
[Date "2026.04.27"]
[Round "1.8"]
[White "Reus, Rudolf"]
[Black "Plattner, Rolf"]
[Result "1-0"]
[WhiteElo "2207"]
[BlackElo "1798"]
[PlyCount "69"]
[GameId "2304196664377361"]
[EventDate "2026.04.27"]
[WhiteTeam "Sfr.Mainz 1928"]
[BlackTeam "SC Schachmatt Weiterstadt"]

1. c4 e5 2. Nc3 Nf6 3. Nf3 Nc6 4. g3 Bb4 5. Bg2 Bxc3 6. bxc3 O-O 7. O-O Re8 8. d3 d6 9. Rb1 Rb8 10. Ne1 Bd7 11. e4 Na5 12. Nc2 c5 13. Ne3 Qc8 14. Nd5 Nxd5 15. cxd5 b6 16. f4 exf4 17. Rxf4 f5 18. Rh4 Re7 19. Bg5 Rf7 20. Bf4 Qf8 21. e5 dxe5 22. Bxe5 Re8 23. Bf4 Qe7 24. d6 Qe6 25. d4 cxd4 26. cxd4 Qxa2 27. Be5 Bc6 28. d5 Rxe5 29. dxc6 Nxc6 30. Bxc6 Rf8 31. Ra4 Qe6 32. Rxa7 Qh6 33. Ra8 Qe3+ 34. Kh1 Ree8 35. Qd5+ 1-0

[Event "Frankfurter Stadtmeisterschaft 2026 A"]
[Site "Frankfurt am Main"]
[Date "2026.04.27"]
[Round "1.9"]
[White "Laufenburg, Frank"]
[Black "Dolidze, David"]
[Result "0-1"]
[WhiteElo "1858"]
[BlackElo "2073"]
[PlyCount "46"]
[GameId "2304196664377362"]
[EventDate "2026.04.27"]
[WhiteTeam "SC Bergen-Enkheim 1922"]
[BlackTeam "SC Eschborn 1974"]

1. Nf3 Nf6 2. d4 g6 3. g3 Bg7 4. Bg2 O-O 5. O-O d6 6. c3 Nbd7 7. Na3 e5 8. e3 Re8 9. Nc2 e4 10. Nd2 d5 11. c4 c6 12. b3 h5 13. Ba3 Nf8 14. cxd5 cxd5 15. Rc1 Ne6 16. Nb1 h4 17. Nc3 Ng5 18. Nb5 Bh3 19. Nd6 Bxg2 20. Kxg2 Qd7 21. f3 Qh3+ 22. Kg1 hxg3 23. Qe2 exf3 0-1

[Event "Frankfurter Stadtmeisterschaft 2026 A"]
[Site "Frankfurt am Main"]
[Date "2026.04.27"]
[Round "1.10"]
[White "Reschke, Thomas"]
[Black "May, Franz"]
[Result "1/2-1/2"]
[WhiteElo "2030"]
[BlackElo "1720"]
[PlyCount "35"]
[GameId "2304196664377363"]
[EventDate "2026.04.27"]
[WhiteTeam "SC Frankfurt-West"]
[BlackTeam "Freibauer Mörlenbach-Birkenau"]

1. c4 e5 2. g3 c6 3. d4 exd4 4. Qxd4 Qf6 5. Qd2 Bc5 6. Nf3 Ne7 7. Nc3 d5 8. cxd5 Nxd5 9. Nxd5 cxd5 10. Qxd5 Bb4+ 11. Nd2 O-O 12. Bg2 Rd8 13. Qb3 Nc6 14. Bxc6 Qxc6 15. f3 Qd6 16. Qd3 Qxd3 17. exd3 Rxd3 18. Ke2 1/2-1/2

[Event "Frankfurter Stadtmeisterschaft 2026 A"]
[Site "Frankfurt am Main"]
[Date "2026.04.27"]
[Round "1.11"]
[White "Graf, Michael"]
[Black "Rondonuwu, Grover"]
[Result "0-1"]
[WhiteElo "1764"]
[BlackElo "2004"]
[PlyCount "54"]
[GameId "2304196664414228"]
[EventDate "2026.04.27"]
[WhiteTeam "SC Eschborn 1974"]
[BlackTeam "Sabt Frankfurter TV 1860"]

1. Nf3 d5 2. g3 Nf6 3. Bg2 Bf5 4. O-O e6 5. d3 c6 6. Nbd2 Be7 7. c4 O-O 8. b3 a5 9. a3 Nbd7 10. Bb2 h6 11. Re1 Bh7 12. e4 Nc5 13. Ne5 dxe4 14. dxe4 Nd3 15. Nxd3 Qxd3 16. Re3 Qd8 17. Qe2 Qc7 18. Rd1 Rfd8 19. Rd3 Rxd3 20. Qxd3 Rd8 21. Qc3 Bf8 22. Re1 Qd7 23. e5 Qxd2 24. exf6 Bc5 25. Rf1 Qxc3 26. Bxc3 Rd3 27. Rc1 Bxa3 0-1

[Event "Frankfurter Stadtmeisterschaft 2026 A"]
[Site "Frankfurt am Main"]
[Date "2026.04.27"]
[Round "1.12"]
[White "Shanawaz Thabrez, Shahzaib"]
[Black "Lopez Fuertes, Victor"]
[Result "1-0"]
[WhiteElo "2058"]
[BlackElo "1749"]
[PlyCount "83"]
[GameId "2304196664414229"]
[EventDate "2026.04.27"]
[WhiteTeam "SK Langen"]
[BlackTeam "SC 1910 Höchst"]

1. e4 b6 2. d4 Bb7 3. Bd3 e6 4. Nf3 d6 5. c4 Nd7 6. Nc3 g6 7. h4 h6 8. Be3 Bg7 9. Qd2 a6 10. b4 c5 11. bxc5 bxc5 12. Rb1 Qc7 13. d5 Ne7 14. O-O e5 15. Nh2 h5 16. f4 O-O 17. f5 Nf6 18. Bh6 Kh7 19. Bxg7 Kxg7 20. Qg5 Neg8 21. Nd1 Bc8 22. Ne3 Qd8 23. fxg6 fxg6 24. Nf5+ Kh7 25. Ne3 Ra7 26. Rb2 Raf7 27. Rbf2 Qd7 28. Bc2 Qe8 29. Qg3 Rg7 30. Nf3 Kh8 31. Ng5 Qe7 32. Qf3 Nh6 33. Qg3 Nhg8 34. Bd1 Nh6 35. Qf3 Rgg8 36. Qg3 Nfg4 37. Bxg4 Nxg4 38. Nxg4 Bxg4 39. Rf7 Rxf7 40. Rxf7 Rg7 41. Rxe7 Rxe7 42. Qb3 1-0

[Event "Frankfurter Stadtmeisterschaft 2026 A"]
[Site "Frankfurt am Main"]
[Date "2026.04.27"]
[Round "1.14"]
[White "Braig, Frank"]
[Black "Ghaznavi, Massoud"]
[Result "1-0"]
[WhiteElo "2066"]
[BlackElo "1677"]
[PlyCount "147"]
[GameId "2304196664414231"]
[EventDate "2026.04.27"]
[WhiteTeam "VSG 1880 Offenbach"]
[BlackTeam "SV Oberursel"]

1. e4 e5 2. Nf3 Nc6 3. Bb5 Nge7 4. O-O a6 5. Ba4 b5 6. Bb3 Ng6 7. c3 Be7 8. d4 d6 9. h3 O-O 10. a4 Bb7 11. Na3 Bf6 12. Be3 b4 13. Nc4 bxc3 14. bxc3 exd4 15. cxd4 a5 16. Rc1 Re8 17. d5 Nce5 18. Ncxe5 Bxe5 19. Nxe5 Nxe5 20. f4 Ng6 21. Qd4 Qe7 22. f5 Ne5 23. f6 gxf6 24. Bh6 Kh8 25. Rf5 Rg8 26. Rcf1 Rg6 27. Bd2 Rag8 28. R1f2 Rg3 29. Rxf6 Rxb3 30. Rxf7 Qh4 31. Bc3 Rxc3 32. Qxc3 Qxe4 33. Rf8 Bxd5 34. Qxc7 Qg6 35. R8f6 Nf3+ 36. R6xf3 Bxf3 37. Qc3+ Rg7 38. Qc8+ Rg8 39. Qc3+ Rg7 40. Qxf3 Qb1+ 41. Kh2 Qb8 42. Qf6 d5+ 43. Kg1 Qb1+ 44. Rf1 Qe4 45. Qb2 Qe3+ 46. Kh1 d4 47. Rf8+ Rg8 48. Qb8 Qe6 49. Rxg8+ Qxg8 50. Qe5+ Qg7 51. Qxa5 Qd7 52. Kg1 d3 53. Qd2 Qd4+ 54. Kf1 Qf6+ 55. Ke1 Qe5+ 56. Kf2 Qc5+ 57. Kf3 Qc6+ 58. Ke3 Qxa4 59. Qxd3 Qe8+ 60. Qe4 Qg6 61. Qxg6 hxg6 62. Kf4 Kg7 63. Kg5 Kh7 64. h4 Kg7 65. h5 gxh5 66. Kxh5 Kh7 67. Kg5 Kg7 68. g4 Kg8 69. Kg6 Kh8 70. Kf7 Kh7 71. g5 Kh8 72. Kf6 Kg8 73. Kg6 Kh8 74. Kf7 1-0

[Event "Frankfurter Stadtmeisterschaft 2026 A"]
[Site "Frankfurt am Main"]
[Date "2026.04.27"]
[Round "1.15"]
[White "Wundram, Til"]
[Black "Fang, Borui"]
[Result "0-1"]
[WhiteElo "1557"]
[BlackElo "1964"]
[PlyCount "100"]
[GameId "2304196664414232"]
[EventDate "2026.04.27"]
[BlackTeam "SV Oberursel"]

1. e4 e5 2. Nf3 Nc6 3. Bb5 a6 4. Ba4 Nf6 5. d3 b5 6. Bb3 Bc5 7. c3 d6 8. Bc2 Bb6 9. O-O Qe7 10. a3 h6 11. Re1 Bg4 12. Nbd2 g5 13. h3 Bh5 14. g4 Nxg4 15. hxg4 Bxg4 16. Nf1 O-O-O 17. Ng3 Qf6 18. Nf5 Bxf5 19. exf5 Qxf5 20. d4 Qg4+ 21. Kf1 Qh3+ 22. Kg1 Kb8 23. Re3 Qg4+ 24. Kf1 f5 25. Nh2 Qxd1+ 26. Bxd1 exd4 27. Re1 dxc3 28. b4 Rhe8 29. Be3 Kb7 30. Be2 Bxe3 31. fxe3 Rxe3 32. a4 Nxb4 33. axb5 Nc2 34. bxa6+ Ka7 35. Reb1 Nxa1 36. Rb7+ Ka8 37. Bf3 Rxf3+ 38. Nxf3 c2 39. Rxc7 Rd7 40. Rc6 Re7 41. Nd4 Re5 42. Rc8+ Ka7 43. Nc6+ Kxa6 44. Nxe5 Kb7 45. Rc3 dxe5 46. Ke2 Kb6 47. Kd2 h5 48. Ra3 h4 49. Rxa1 h3 50. Ra8 g4 0-1

[Event "Frankfurter Stadtmeisterschaft 2026 A"]
[Site "Frankfurt am Main"]
[Date "2026.04.27"]
[Round "1.16"]
[White "Dietze, Frank"]
[Black "Koellner, Ulrich"]
[Result "1-0"]
[WhiteElo "2051"]
[BlackElo "1766"]
[PlyCount "61"]
[GameId "2304196664414233"]
[EventDate "2026.04.27"]
[WhiteTeam "Wiesbadener SV 1885"]
[BlackTeam "SV 1920 Hofheim"]

1. d4 Nf6 2. c4 g6 3. Nc3 d5 4. cxd5 Nxd5 5. e4 Nxc3 6. bxc3 Bg7 7. Nf3 c5 8. Bb5+ Bd7 9. Be2 O-O 10. Rb1 e6 11. O-O Bc6 12. Qd3 cxd4 13. cxd4 a6 14. Bg5 Qa5 15. Qe3 Nd7 16. Nd2 Bxd4 17. Qf4 Bg7 18. Rfd1 Rac8 19. Be7 Rfe8 20. Bb4 Qe5 21. Qe3 Bf8 22. Bxf8 Rxf8 23. Rbc1 b5 24. Nf3 Qc7 25. Qh6 Rfd8 26. Rd3 Nf8 27. Rdc3 Qb7 28. Ne5 Be8 29. Ng4 Rxc3 30. Nf6+ Kh8 31. Qxf8# 1-0

[Event "Frankfurter Stadtmeisterschaft 2026 A"]
[Site "Frankfurt am Main"]
[Date "2026.04.27"]
[Round "1.17"]
[White "Müller, Jens"]
[Black "Blum, Ralph"]
[Result "0-1"]
[WhiteElo "1679"]
[BlackElo "2064"]
[PlyCount "66"]
[GameId "2304196664442906"]
[EventDate "2026.04.27"]
[WhiteTeam "SV 1920 Hofheim"]
[BlackTeam "SV 1934 Ffm-Griesheim"]

1. e4 c5 2. Nf3 g6 3. c3 Bg7 4. d4 cxd4 5. cxd4 d5 6. e5 Bg4 7. h3 Bxf3 8. Qxf3 e6 9. Bb5+ Nc6 10. O-O Nge7 11. Rd1 O-O 12. Nc3 Qb6 13. Bxc6 Nxc6 14. Ne2 f6 15. Qg4 fxe5 16. Qxe6+ Kh8 17. Be3 Qxb2 18. Qg4 h5 19. Qxg6 Qxe2 20. Rd2 Rf6 21. Qb1 Qa6 22. dxe5 Nxe5 23. Qd1 Qe6 24. Rxd5 Kg8 25. Rc1 Rg6 26. Kh1 Nc6 27. Qb3 Qf7 28. Rcd1 Re8 29. Qb5 a6 30. Qb1 Re5 31. Rd7 Re7 32. Qxb7 Rge6 33. R7d5 Rxb7 0-1

[Event "Frankfurter Stadtmeisterschaft 2026 A"]
[Site "Frankfurt am Main"]
[Date "2026.04.27"]
[Round "1.18"]
[White "Teschler, Ulrich"]
[Black "Stricker, Konstantin"]
[Result "1-0"]
[WhiteElo "1961"]
[BlackElo "1799"]
[PlyCount "71"]
[GameId "2304196664442907"]
[EventDate "2026.04.27"]
[WhiteTeam "SV 1926 Fechenheim"]
[BlackTeam "SC Eschbach im Usinger Land"]

1. e4 d6 2. d4 c6 3. Bd3 Nf6 4. f3 e5 5. c3 Be7 6. Ne2 Be6 7. Be3 Qc7 8. Nd2 O-O 9. O-O Nbd7 10. g4 Nb6 11. Ng3 d5 12. dxe5 Qxe5 13. g5 Ne8 14. f4 Qc7 15. e5 Nc4 16. Nxc4 dxc4 17. Bc2 Rd8 18. Qe2 g6 19. f5 gxf5 20. Bxf5 Ng7 21. Bc2 Qxe5 22. Ne4 Bf5 23. Bd4 Qe6 24. Qg2 Bh3 25. Qf3 Qg4+ 26. Qxg4 Bxg4 27. Bf6 Bxf6 28. Nxf6+ Kh8 29. Nxg4 Rd2 30. Rf2 Rxf2 31. Kxf2 Ne6 32. h4 Rd8 33. Rd1 Rxd1 34. Bxd1 Nf4 35. Be2 b5 36. Ne5 1-0

[Event "Frankfurter Stadtmeisterschaft 2026 A"]
[Site "Frankfurt am Main"]
[Date "2026.04.27"]
[Round "1.19"]
[White "Münstermann, Matthias"]
[Black "Lenhard, Martin"]
[Result "0-1"]
[WhiteElo "1765"]
[BlackElo "2004"]
[PlyCount "50"]
[GameId "2304196664442908"]
[EventDate "2026.04.27"]
[WhiteTeam "SK Langen"]
[BlackTeam "SV 1920 Hofheim"]

1. d4 Nf6 2. c4 e6 3. Nc3 Bb4 4. Qc2 Nc6 5. Nf3 d6 6. e3 O-O 7. Bd3 e5 8. O-O Bxc3 9. bxc3 Re8 10. e4 Bg4 11. d5 Nb8 12. Be2 h6 13. Ba3 b6 14. Qd3 Na6 15. Nd2 Bc8 16. Qg3 Rb8 17. f4 Nc5 18. Bxc5 bxc5 19. f5 Rb2 20. Qe3 Bd7 21. Nb3 Qc8 22. Bd1 Qa6 23. a4 Qxc4 24. Ra3 Qxe4 25. Qg3 Qxd5 0-1

[Event "Frankfurter Stadtmeisterschaft 2026 A"]
[Site "Frankfurt am Main"]
[Date "2026.04.27"]
[Round "1.20"]
[White "Pozegic, Semso"]
[Black "Dick, Markus"]
[Result "1-0"]
[WhiteElo "1913"]
[BlackElo "1625"]
[PlyCount "73"]
[GameId "2304196664442909"]
[EventDate "2026.04.27"]
[WhiteTeam "SF Frankfurt 1921"]
[BlackTeam "SV 1934 Ffm-Griesheim"]

1. e4 e5 2. Nf3 Nc6 3. Bc4 Nf6 4. Ng5 d5 5. exd5 b5 6. Bb3 Nd4 7. c3 Nxb3 8. Qxb3 Qxd5 9. Qxd5 Nxd5 10. d3 Bb7 11. O-O f6 12. Ne6 Kd7 13. Nxf8+ Rhxf8 14. Be3 Nxe3 15. fxe3 Rad8 16. Nd2 Ke6 17. Nb3 Kf7 18. d4 exd4 19. exd4 Rfe8 20. Rfe1 Bd5 21. Nc5 Rxe1+ 22. Rxe1 Re8 23. Rxe8 Kxe8 24. a4 bxa4 25. Nxa4 Kd7 26. b3 Bc6 27. Nc5+ Kd6 28. c4 a5 29. Kf2 h5 30. g3 g5 31. Ke3 Ba8 32. h4 Bc6 33. Ne4+ Bxe4 34. Kxe4 c6 35. Kf5 gxh4 36. gxh4 Ke7 37. Kg6 1-0

[Event "Frankfurter Stadtmeisterschaft 2026 A"]
[Site "Frankfurt am Main"]
[Date "2026.04.27"]
[Round "1.21"]
[White "Bartsch, Marius"]
[Black "Beinrucker, Clemens"]
[Result "0-1"]
[WhiteElo "1733"]
[BlackElo "1951"]
[PlyCount "46"]
[GameId "2304196664442910"]
[EventDate "2026.04.27"]
[WhiteTeam "Wiesbadener SV 1885"]
[BlackTeam "SK Niederbrechen 1948"]

1. e4 c5 2. Nf3 Nc6 3. d3 g6 4. g3 Bg7 5. Bg2 e6 6. O-O d5 7. Nbd2 Nge7 8. c3 O-O 9. Re1 b6 10. a3 a5 11. h4 Ba6 12. Qe2 dxe4 13. Qxe4 Bxd3 14. Qf4 Nd5 15. Qa4 b5 16. Qd1 a4 17. Ne4 Bxe4 18. Rxe4 Qb6 19. Qe2 c4 20. Rxe6 fxe6 21. Qxe6+ Kh8 22. Nd4 Nxd4 23. Qxb6 Nxb6 0-1

[Event "Frankfurter Stadtmeisterschaft 2026 A"]
[Site "Frankfurt am Main"]
[Date "2026.04.27"]
[Round "1.22"]
[White "Gräbner, Walter"]
[Black "Fayed, Ahmed"]
[Result "1-0"]
[WhiteElo "2034"]
[BlackElo "1679"]
[PlyCount "39"]
[GameId "2304196664442911"]
[EventDate "2026.04.27"]
[WhiteTeam "SC 1961 König Nied"]
[BlackTeam "Sfr.1932 Kelkheim"]

1. d4 d5 2. c4 e6 3. Nf3 Nf6 4. Bg5 Be7 5. Nc3 c6 6. e3 h6 7. Bh4 Nbd7 8. Rc1 Bb4 9. Qc2 Qa5 10. Bxf6 Nxf6 11. Nd2 Be7 12. Be2 Qc7 13. O-O e5 14. dxe5 Qxe5 15. Nf3 Qc7 16. cxd5 cxd5 17. Rfd1 O-O 18. Nxd5 Qxc2 19. Nxe7+ Kh8 20. Rxc2 1-0

[Event "Frankfurter Stadtmeisterschaft 2026 A"]
[Site "Frankfurt am Main"]
[Date "2026.04.27"]
[Round "1.25"]
[White "Grinberg, Igor"]
[Black "Mayer, Frank"]
[Result "0-1"]
[WhiteElo "1600"]
[BlackElo "1944"]
[PlyCount "138"]
[GameId "2304196664442914"]
[EventDate "2026.04.27"]
[WhiteTeam "SAbt TuS Makkabi Ffm"]
[BlackTeam "Wiesbadener SV 1885"]

1. d4 d5 2. Nf3 c5 3. c3 e6 4. Bf4 Nc6 5. e3 Nf6 6. h3 Qb6 7. Qb3 c4 8. Qxb6 axb6 9. Nbd2 b5 10. b4 Be7 11. Be2 O-O 12. O-O Bd7 13. Ne5 h6 14. f3 Ra6 15. a3 Rfa8 16. Nb1 Be8 17. Bd1 Nxe5 18. Bxe5 Nd7 19. Bg3 f6 20. Bc2 Nb6 21. Re1 Na4 22. e4 Bg6 23. Bxa4 Rxa4 24. Re2 Kf7 25. Bh4 dxe4 26. fxe4 f5 27. exf5 Bxf5 28. Bxe7 Kxe7 29. d5 Kd6 30. dxe6 Bxe6 31. Raa2 Bf5 32. Re1 Bxb1 33. Rxb1 Rxa3 34. Rd2+ Kc6 35. Rc1 Ra1 36. Rdc2 Kd5 37. Kf2 Ke4 38. Re2+ Kd3 39. Rcc2 Rf8+ 40. Kg3 Rd1 41. h4 h5 42. Kh2 Re8 43. Rf2 Re3 44. g3 Rde1 45. Rfd2+ Ke4 46. Rd4+ Kf5 47. Rf2+ Kg6 48. Rd6+ Re6 49. Rxe6+ Rxe6 50. Rd2 Kf5 51. Kg2 Re3 52. Rd5+ Ke4 53. Rxb5 Rxc3 54. Rxb7 Rc2+ 55. Kh3 Rb2 56. b5 c3 57. Re7+ Kd3 58. Rd7+ Ke2 59. Re7+ Kd1 60. b6 Rxb6 61. Rxg7 Rc6 62. Rd7+ Ke2 63. Re7+ Kf3 64. Rf7+ Ke4 65. g4 c2 66. Re7+ Kf3 67. Rf7+ Ke4 68. Re7+ Kd5 69. Rd7+ Ke6 0-1

[Event "Frankfurter Stadtmeisterschaft 2026 A"]
[Site "Frankfurt am Main"]
[Date "2026.04.27"]
[Round "1.27"]
[White "Basedow, Marc"]
[Black "Döhne, Vincent"]
[Result "0-1"]
[WhiteElo "1635"]
[BlackElo "1867"]
[PlyCount "68"]
[GameId "2304196664442916"]
[EventDate "2026.04.27"]
[WhiteTeam "SC Bad Soden"]
[BlackTeam "SC 1979 Hattersheim"]

1. Nf3 Nf6 2. e3 d5 3. c4 e6 4. Nc3 c5 5. cxd5 exd5 6. d4 Nc6 7. Be2 Be7 8. O-O O-O 9. b3 Bf5 10. Bb2 Rc8 11. dxc5 Bxc5 12. Nb5 Ne4 13. Nbd4 Bg6 14. a3 Bd6 15. b4 Re8 16. b5 Ne5 17. Nxe5 Bxe5 18. f4 Bb8 19. Nf3 Nc3 20. Bxc3 Rxc3 21. Nd4 Qd6 22. Rf3 Rcxe3 23. g3 Qb6 24. Rxe3 Rxe3 25. Rc1 Bc7 26. Rxc7 Qxc7 27. f5 Qc5 28. fxg6 Re4 29. gxf7+ Kxf7 30. Qf1+ Kg8 31. Kg2 Qxd4 32. Bf3 Qd2+ 33. Kh3 Re6 34. Bg4 Rh6+ 0-1

[Event "Frankfurter Stadtmeisterschaft 2026 A"]
[Site "Frankfurt am Main"]
[Date "2026.04.27"]
[Round "1.28"]
[White "Raumanns, Niklas"]
[Black "Arslan, Abdussamed"]
[Result "1-0"]
[WhiteElo "1850"]
[BlackElo "1669"]
[PlyCount "81"]
[GameId "2304196664442917"]
[EventDate "2026.04.27"]
[WhiteTeam "SC Bergen-Enkheim 1922"]
[BlackTeam "SF Schöneck"]

1. b3 Nf6 2. Bb2 d5 3. e3 g6 4. Nf3 Bg7 5. c4 c6 6. g3 O-O 7. Bg2 Bf5 8. d4 Nbd7 9. O-O Qc7 10. Nc3 e6 11. Rc1 Rac8 12. Qe2 Qb8 13. Rfe1 Ne4 14. Nd2 Nxd2 15. Qxd2 dxc4 16. e4 e5 17. exf5 exd4 18. Ne4 c3 19. Bxc3 dxc3 20. Qxd7 Bh6 21. f4 Rfd8 22. Qe7 Bf8 23. Qe5 Qxe5 24. fxe5 gxf5 25. Nxc3 Bb4 26. Rf1 Rd3 27. Ne2 Rd2 28. Nf4 Rxa2 29. Rf2 Bd2 30. Kf1 Rd8 31. Rd1 Kg7 32. Nd5 cxd5 33. Rfxd2 Ra3 34. Bxd5 Re8 35. Re1 Re7 36. e6 fxe6 37. Bxe6 Ra6 38. Bxf5 Rf7 39. g4 h5 40. h3 hxg4 41. hxg4 1-0

[Event "Frankfurter Stadtmeisterschaft 2026 A"]
[Site "Frankfurt am Main"]
[Date "2026.04.27"]
[Round "1.29"]
[White "Hudobec, Nicolas"]
[Black "Ewers, Christian"]
[Result "0-1"]
[WhiteElo "1801"]
[BlackElo "1834"]
[PlyCount "50"]
[GameId "2304196664442918"]
[EventDate "2026.04.27"]
[WhiteTeam "SC Eschbach im Usinger Land"]
[BlackTeam "SC Hansa Dortmund e. V."]

1. c4 f5 2. g3 d6 3. d4 e6 4. Bg2 g6 5. Nc3 Bg7 6. Nf3 Nf6 7. Bg5 h6 8. Be3 O-O 9. O-O Qe7 10. Qc1 Kh7 11. Bd2 Ne4 12. Be3 Nxc3 13. bxc3 Nc6 14. Qa3 g5 15. d5 Nd8 16. Nd4 e5 17. Nc2 f4 18. Bd2 e4 19. Rae1 b6 20. Nd4 Nb7 21. Nc6 Qe8 22. Qb3 Nc5 23. Qc2 Bf5 24. Qc1 f3 25. Bh1 Bh3 0-1